La flauta en el horizonte
Bewaard in:
| Hoofdauteur: | |
|---|---|
| Formaat: | Boek |
| Taal: | Spaans |
| Gepubliceerd in: |
Santiago
Andrés Bello
1966
|
| Editie: | 2a. ed |
| Reeks: | Biblioteca Andrés Bello, 58
|
| Onderwerpen: | |
| Tags: |
Voeg label toe
Geen labels, Wees de eerste die dit record labelt!
|
MARC
| LEADER | 00000nam a2200000 a 4500 | ||
|---|---|---|---|
| 001 | UCQ6247 | ||
| 003 | CL-VaPUC | ||
| 008 | 981009e19660000CL |||||||||||||||||spa|d | ||
| 082 | 0 | 4 | |a Ch863 |b CER |2 21 |
| 100 | 0 | |a Cerda, Eliana |e author |9 420140 | |
| 245 | 1 | 3 | |a La flauta en el horizonte |
| 250 | |a 2a. ed | ||
| 300 | |a 149 p | ||
| 942 | |c BK | ||
| 945 | |d 19981009 00:00:00 |a crobeson | ||
| 260 | |a Santiago |b Andrés Bello |c 1966 | ||
| 650 | 0 | |a Novelas chilenas |9 265425 | |
| 650 | 0 | |a Literatura chilena |9 308278 | |
| 583 | |a last modification |c 19981009 00:00:00 |k Rodrigo Vera | ||
| 490 | 0 | |a Biblioteca Andrés Bello, 58 | |
| 999 | |c 276248 |d 276246 | ||
| 952 | |0 0 |1 0 |4 0 |6 CH_863_000000000000000_CER_1966 |7 0 |8 A |9 313406 |a BIBEDU |b BIBEDU |d 2019-11-20 |i 1477358 |o Ch863 CER 1966 |p 1477358 |r 2019-11-20 |w 2019-11-20 |y BK |k LIT | ||